Internet of Things (Record no. 10473)

MARC details
000 -LEADER
fixed length control field 00339nam a22001577a 4500
003 - CONTROL NUMBER IDENTIFIER
control field OSt
008 - FIXED-LENGTH DATA ELEMENTS--GENERAL INFORMATION
fixed length control field 210222b ||||| |||| 00| 0 eng d
020 ## - INTERNATIONAL STANDARD BOOK NUMBER
International Standard Book Number 9789352605224
100 ## - MAIN ENTRY--PERSONAL NAME
Personal name KAMAL,Raj
245 ## - TITLE STATEMENT
Title Internet of Things
250 ## - EDITION STATEMENT
Edition statement 5th
260 ## - PUBLICATION, DISTRIBUTION, ETC. (IMPRINT)
Place of publication, distribution, etc New Delhi
Name of publisher, distributor, etc TMH
Date of publication, distribution, etc 2019
300 ## - PHYSICAL DESCRIPTION
Extent 532
650 ## - SUBJECT ADDED ENTRY--TOPICAL TERM
Topical term or geographic name as entry element MCA
942 ## - ADDED ENTRY ELEMENTS (KOHA)
Source of classification or shelving scheme Dewey Decimal Classification
Koha item type Text Books
942 ## - ADDED ENTRY ELEMENTS (KOHA)
-- 8
Holdings
Withdrawn status Lost status Source of classification or shelving scheme Damaged status Not for loan Collection code Home library Current library Date acquired Source of acquisition Currency Cost, normal purchase price Bill Number Total Checkouts Full call number Acc. no. / Barcode Date last seen Date last borrowed Actual Cost, discounted price Bill Date Koha item type
    Dewey Decimal Classification     MCA PIET C-LIBRARY PIET C-LIBRARY 10/02/2021 Kirti Praskshan IN Rupees 599.00 IN1558 3 004.678 KAI 32537 02/03/2023 16/02/2023 407.32 10/02/2021 Text Books
    Dewey Decimal Classification     MCA PIET C-LIBRARY PIET C-LIBRARY 10/02/2021 Kirti Praskshan IN Rupees 599.00 IN1558 1 004.678 KAI 32538 16/11/2022 28/10/2022 407.32 10/02/2021 Text Books
    Dewey Decimal Classification     Computer Science and Engineering in AI & Machine Learning PIET C-LIBRARY PIET C-LIBRARY 10/02/2021 Kirti Praskshan IN Rupees 599.00 IN1558 2 004.678 KAI 32539 02/03/2023 16/02/2023 407.32 10/02/2021 Text Books
    Dewey Decimal Classification     Computer Science and Engineering in AI & Machine Learning PIET C-LIBRARY PIET C-LIBRARY 10/02/2021 Kirti Praskshan IN Rupees 599.00 IN1558 3 004.678 KAI 32540 11/04/2024 29/03/2024 407.32 10/02/2021 Text Books
    Dewey Decimal Classification     Computer Science and Engineering in AI & Machine Learning PIET C-LIBRARY PIET C-LIBRARY 10/02/2021 Kirti Praskshan IN Rupees 599.00 IN1558 1 004.678 KAI 32541 05/04/2025 28/02/2025 407.32 10/02/2021 Text Books

Design & Developed by: PIET Central Library
R70 Miles Stone Pattikalyana Samalkha Panipat 132102
mail ID :- [email protected], Phone No:- 0180-2569700 Ex.216